[Event "Caorle op-A"]
[Site "Caorle"]
[Date "1991.07.07"]
[Round "3.14"]
[White "Kruszynski, Wlodzimierz"]
[Black "Stanisic, Ljubisa"]
[Result "1-0"]
[WhiteElo "2345"]
[BlackElo "2275"]
[PlyCount "57"]
[EventDate "1991.07.05"]
[EventType "swiss"]
[EventRounds "9"]
[EventCountry "ITA"]
[SourceTitle "EXT 2023"]
[Source "ChessBase"]
[SourceDate "2022.10.05"]
[SourceVersion "1"]
[SourceVersionDate "2022.10.05"]
[SourceQuality "1"]

1. e4 c5 2. Nf3 Nc6 3. Bb5 g6 4. 0-0 Bg7 5. c3 Qb6 6. a4 a6 7. Bc4 e6 8. Na3 Nge7 9. Re1 d6 10. Bb3 Na5 11. Ba2 Nec6 12. Rb1 Ne5 13. Nxe5 dxe5 14. b4 cxb4 15. cxb4 Nc6 16. a5 Qd8 17. Nc4 0-0 18. Nb6 Rb8 19. d3 Re8 20. Be3 Bf8 21. Qd2 Nd4 22. f4 Bg7 23. Rf1 Rf8 24. Nc4 f6 25. fxe5 fxe5 26. Rxf8+ Qxf8 27. Bxd4 exd4 28. Rf1 Qe7 29. Qf4 1-0

[Event "Caorle op-A"]
[Site "Caorle"]
[Date "1991.07.06"]
[Round "2.15"]
[White "Stanisic, Ljubisa"]
[Black "Riemersma, Liafbern"]
[Result "0-1"]
[WhiteElo "2275"]
[BlackElo "2405"]
[PlyCount "162"]
[EventDate "1991.07.05"]
[EventType "swiss"]
[EventRounds "9"]
[EventCountry "ITA"]
[SourceTitle "EXT 2023"]
[Source "ChessBase"]
[SourceDate "2022.10.05"]
[SourceVersion "1"]
[SourceVersionDate "2022.10.05"]
[SourceQuality "1"]

1. d4 Nf6 2. Nf3 g6 3. Bg5 Bg7 4. Nbd2 0-0 5. c3 d5 6. e3 b6 7. Bd3 Bb7 8. 0-0 Nbd7 9. Qe2 Re8 10. e4 dxe4 11. Nxe4 c5 12. dxc5 Nxe4 13. Bxe4 Bxe4 14. Qxe4 Nxc5 15. Qh4 Qc7 16. Rad1 e5 17. Bf6 e4 18. Nd4 Nd3 19. Rd2 Bxf6 20. Qxf6 Qc4 21. h4 Qxa2 22. h5 Qd5 23. f3 Qe5 24. Qxe5 Rxe5 25. fxe4 Nc5 26. Rdf2 Rf8 27. hxg6 hxg6 28. Nc6 Rh5 29. Re2 Re8 30. e5 a5 31. Rd1 a4 32. Rd6 Kg7 33. Nd4 Rhxe5 34. Rxe5 Rxe5 35. Rxb6 Re1+ 36. Kh2 Nd3 37. b4 Rc1 38. Ra6 Rxc3 39. Rxa4 Rc4 40. Nf3 Rg4 41. Ra7 Rxb4 42. Kg3 Rb5 43. Rd7 Nc5 44. Re7 Ne6 45. Rd7 Rb3 46. Ra7 g5 47. Kg4 Rb4+ 48. Kg3 Re4 49. Nd2 Re2 50. Nf3 Kg6 51. Ra6 f6 52. Ng1 Re4 53. Kf3 Re5 54. Ne2 g4+ 55. Kf2 Kg5 56. Ra8 f5 57. Rg8+ Kf6 58. Re8 f4 59. Ra8 Rc5 60. Ra4 Rc2 61. Ke1 Ke5 62. Kd1 Rb2 63. Nxf4 Nxf4 64. g3 Rb1+ 65. Kd2 Rb2+ 66. Kd1 Rf2 67. gxf4+ Kf5 68. Ke1 g3 69. Ra3 Kxf4 70. Ra8 Kf3 71. Rf8+ Kg2 72. Rg8 Rf7 73. Rg6 Re7+ 74. Kd2 Kf2 75. Rf6+ Kg1 76. Rg6 g2 77. Rh6 Re5 78. Rh8 Kf2 79. Rf8+ Kg3 80. Rg8+ Kf3 81. Kd3 Rd5+ 0-1

[Event "Vienna op"]
[Site "Vienna"]
[Date "1990.??.??"]
[Round "8"]
[White "Stanisic, Ljubisa"]
[Black "Blees, Albert"]
[Result "1/2-1/2"]
[WhiteElo "2270"]
[BlackElo "2400"]
[PlyCount "194"]
[EventDate "1990.10.??"]
[EventType "swiss"]
[EventRounds "9"]
[EventCountry "AUT"]
[SourceTitle "CBM 021"]
[Source "ChessBase"]
[SourceDate "1991.04.01"]
[SourceVersion "1"]
[SourceVersionDate "1991.04.01"]
[SourceQuality "1"]

1. d4 Nf6 2. Bg5 d5 3. Bxf6 exf6 4. e3 Bd6 5. Bd3 c6 6. Nd2 Nd7 7. e4 Nb6 8. Qf3 dxe4 9. Nxe4 Be7 10. Ne2 Qd5 11. 0-0 f5 12. Nd2 0-0 13. Rfe1 g6 14. Qxd5 Nxd5 15. Nc3 Nxc3 16. Rxe7 Nd5 17. Re5 Nb4 18. Re7 Nxd3 19. cxd3 Rd8 20. Nb3 b6 21. Rc1 Bd7 22. d5 Kf8 23. Re5 f6 24. Ree1 cxd5 25. Nd4 Rac8 26. f4 Rc5 27. b4 Rcc8 28. Kf2 Kf7 29. g3 g5 30. Ke3 Re8+ 31. Kd2 Rxe1 32. Rxe1 gxf4 33. gxf4 Rg8 34. Ke3 Ke7 35. Rc1 Kd6 36. Kf3 Ra8 37. Rc3 Rb8 38. Ra3 Rb7 39. Ke3 Rc7 40. Kd2 h5 41. h4 Rb7 42. Ne2 Bc8 43. Rc3 Rb8 44. Ng3 Be6 45. Ra3 Rg8 46. Ne2 Ra8 47. Ke3 a5 48. bxa5 bxa5 49. Ng3 a4 50. Nxh5 Rh8 51. Ng3 d4+ 52. Kxd4 Rxh4 53. Ne2 Bd7 54. Rc3 Rh2 55. Ke3 Rh3+ 56. Kd4 Bb5 57. a3 Rf3 58. Ng1 Rxf4+ 59. Ke3 Rf1 60. Ne2 Bc6 61. Rc4 Ra1 62. Nd4 Bd7 63. Rc3 Kd5 64. Ne2 Kd6 65. Nd4 Rh1 66. Ne2 Rh3+ 67. Kd2 Rf3 68. Rc4 Bb5 69. Rd4+ Ke5 70. Rd8 f4 71. Nc3 Bc6 72. d4+ Ke6 73. d5+ Ke7 74. Rh8 Bd7 75. Rh7+ Kd6 76. Ne4+ Ke5 77. Re7+ Kd4 78. Nxf6 Rd3+ 79. Kc1 Bf5 80. d6 f3 81. d7 Kc3 82. Ne4+ Bxe4 83. Rxe4 f2 84. Rf4 Rxd7 85. Rxf2 Kb3 86. Rb2+ Kxa3 87. Rb8 Rh7 88. Kb1 Rh1+ 89. Kc2 Ka2 90. Rb2+ Ka1 91. Rb8 a3 92. Rb7 Rh2+ 93. Kc1 Rb2 94. Ra7 Ka2 95. Ra8 Rb7 96. Rc8 Kb3 97. Kb1 a2+ 1/2-1/2